Исследования по теории функций многих действительных переменных и приближению функций: сборник статей

التفاصيل البيبلوغرافية
مؤلف مشترك: Академия наук СССР (АН СССР) Математический институт им. В. А. Стеклова (МИАН)
مؤلفون آخرون: Соболев С. Л. (редактор)
الملخص:Посвящается академику Сергею Михайловичу Никольскому к его восьмидесятилетию.
اللغة:الروسية
منشور في: Москва, Наука, 1985
سلاسل:Труды Математического института им. В. А. Стеклова (МИАН) Т. 172
الموضوعات:
التنسيق: MixedMaterials كتاب
KOHA link:https://koha.lib.tpu.ru/cgi-bin/koha/opac-detail.pl?biblionumber=286106

MARC

LEADER 00000nam0a2200000 4500
001 286106
005 20231101235847.0
035 |a (RuTPU)RU\TPU\book\310396 
090 |a 286106 
100 |a 20150303d1985 k y0rusy50 ca 
101 0 |a rus 
102 |a RU 
105 |a y z 011zy 
200 1 |a Исследования по теории функций многих действительных переменных и приближению функций  |e сборник статей  |f Академия наук СССР (АН СССР), Математический институт им. В. А. Стеклова (МИАН) ; под ред. С. Л. Соболева 
210 |a Москва  |c Наука  |d 1985 
215 |a 356 с. 
225 1 |a Труды Математического института им. В. А. Стеклова (МИАН)  |v Т. 172 
300 |a Посвящается академику Сергею Михайловичу Никольскому к его восьмидесятилетию. 
320 |a Библиография в конце статей 
606 |a Функции, теория  |2 stltpush  |3 (RuTPU)RU\TPU\subj\59510  |9 77024 
610 1 |a действительные функции 
610 1 |a приближения 
610 1 |a переменные 
610 1 |a приложения 
610 1 |a дифференциальные уравнения 
610 1 |a частные производные 
610 1 |a приближенные вычисления 
675 |a 517.5  |v 3 
702 1 |a Соболев  |b С. Л.  |4 340 
712 0 2 |a Академия наук СССР (АН СССР)  |b Математический институт им. В. А. Стеклова (МИАН)  |2 stltpush  |3 (RuTPU)RU\TPU\col\11336 
801 1 |a RU  |b 63413507  |c 20150303 
801 2 |a RU  |b 63413507  |c 20171102  |g RCR 
942 |c BK